Benno Thoma Absolute Sweden

Đã lưu trong:
Chi tiết về thư mục
Tác giả chính: Gmunder, Bruno
Định dạng: Sách
Ngôn ngữ:Tiếng Anh
Được phát hành: Bruno Gmunder Verlag GmbH 2001
Các nhãn: Thêm thẻ
Không có thẻ, Là người đầu tiên thẻ bản ghi này!

MARC

LEADER 00000nam a2200000 4500
005 20240918181339.0
008 240731b |||||||| |||| 00| 0 eng d
020 |a 978-3861872160 
040 |c GP 
100 |a Gmunder, Bruno 
245 |a Benno Thoma Absolute Sweden 
260 |b  Bruno Gmunder Verlag GmbH   |c 2001 
942 |2 ddc  |c BK  |n 0 
952 |0 0  |1 0  |2 ddc  |4 0  |6 306_766770000000000_GMU  |7 1  |9 1762  |a RM  |b RM  |d 2024-07-31  |l 0  |o 306.766770 GMU  |p 584  |r 2024-07-31 19:19:21  |w 2024-07-31  |y BK 
999 |c 1578  |d 1578